| 000 | 00385nam a2200157Ia 4500 | ||
|---|---|---|---|
| 008 | 220803s9999 xx 000 0 und d | ||
| 020 | _a978-3-8365-0954-1 | ||
| 041 | _aeng | ||
| 082 | _a728 CHA/FIE | ||
| 100 |
_aCharlotte Ed. _922052 |
||
| 245 | _aDomus : 1955-1959 | ||
| 260 |
_aKoln _bTaschen _c2006 |
||
| 300 | _a580p | ||
| 650 |
_aHousing _922053 |
||
| 700 |
_aFiell P Ed. _922054 |
||
| 999 |
_c14406 _d14406 |
||